Электроника: учебное пособие в 2 ч.

Dettagli Bibliografici
Autore principale: Гапонов В. И. Виктор Иванович
Lingua:russo
Pubblicazione: Москва, Физматгиз, 1960-
Natura: Libro
KOHA link:https://koha.lib.tpu.ru/cgi-bin/koha/opac-detail.pl?biblionumber=55773

MARC

LEADER 00000nam1a2200000 4500
001 55773
005 20231031052740.0
035 |a (RuTPU)RU\TPU\book\58535 
090 |a 55773 
100 |a 20030922d1960 m y0rusy50 ca 
101 0 |a rus 
102 |a RU 
200 1 |a Электроника  |e учебное пособие в 2 ч.  |f В. И. Гапонов 
210 |a Москва  |c Физматгиз  |d 1960- 
675 |a 621.385(075)  |v 3 
700 1 |a Гапонов  |b В. И.  |g Виктор Иванович 
801 1 |a RU  |b 63413507  |c 20030922  |g PSBO 
801 2 |a RU  |b 63413507  |c 20030922  |g PSBO 
942 |c BK